Govt. of
Madhya Pradesh

Twelve Great Short Stories From Bengal Rabindranath (Record no. 63289)

MARC details
000 -LEADER
fixed length control field 00286nam a22001097a 4500
082 ## - DEWEY DECIMAL CLASSIFICATION NUMBER
Classification number 823/BAS
100 ## - MAIN ENTRY--AUTHOR NAME
Personal name Basu, Samaresh
245 ## - TITLE STATEMENT
Title Twelve Great Short Stories From Bengal Rabindranath
260 ## - PUBLICATION, DISTRIBUTION, ETC. (IMPRINT)
Place of publication Kolkata
Name of publisher Towards Freedom
Year of publication 2018
650 ## - SUBJECT ADDED ENTRY--TOPICAL TERM
Topical Term Stories
942 ## - ADDED ENTRY ELEMENTS (KOHA)
Koha item type Books
Holdings
Withdrawn status Lost status Damaged status Not for loan Home library Current library Date acquired Cost, normal purchase price Full call number Accession Number Price effective from Koha item type
        MACL MACL 18/09/2020 350.00 823/BAS CRE037456 18/09/2020 Books